[Event "2. Bundesliga Mitte 2010/11"]
[Site "Sauwald"]
[Date "2010.11.26"]
[Round "3"]
[Board "6"]
[White "Wiesinger, Robert"]
[Black "Ertl, Johann"]
[Result "0-1"]
[WhiteElo "2232"]
[BlackElo "2280"]
[PlyCount "72"]
[EventDate "2010.10.16"]
[EventType "team"]
[EventRounds "11"]
[EventCountry "AUT"]
[WhiteTeam "SV Steyregg"]
[BlackTeam "SK MPOE Maria Saal"]

1.e4 e6 2.d4 d5 3.Nc3 Bb4 4.e5 c5 5.a3 Bxc3+ 6.bxc3 Ne7 7.Qg4 Qc7 8.Qxg7 Rg8
9.Qxh7 cxd4 10.Ne2 Nbc6 11.f4 dxc3 12.Qd3 d4 13.Nxd4 Nxd4 14.Qxd4 Bd7 15.Rg1 Rh8
16.h3 Nf5 17.Qf2 Qa5 18.g4 Nh4 19.Rg3 Bc6 20.Qe3 Qd5 21.Qxc3 Qh1 22.Bd2 Nf3+
23.Kf2 Nxd2 24.Qxd2 Qh2+ 25.Rg2 Bxg2 26.Bxg2 Rxh3 27.Rd1 Qg3+ 28.Kf1 Rh2 29.Qd7+
Kf8 30.Qxb7 Re8 31.Kg1 Rh4 32.Qb4+ Kg7 33.Rd3 Qxg4 34.Rf3 Reh8 35.Kf2 Qf5 36.Qe7
Rg4 0-1

[Event "2. Bundesliga Mitte 2010/11"]
[Site "Sauwald"]
[Date "2010.11.26"]
[Round "3"]
[Board "1"]
[White "Mohr, Georg"]
[Black "Flumbort, Andras"]
[Result "0-1"]
[WhiteElo "2511"]
[BlackElo "2550"]
[PlyCount "64"]
[EventDate "2010.10.16"]
[EventType "team"]
[EventRounds "11"]
[EventCountry "AUT"]
[WhiteTeam "Strassenbahn Graz"]
[BlackTeam "ASK St. Valentin"]

1.g3 g6 2.Bg2 Bg7 3.c4 c5 4.Nc3 Nc6 5.a3 d6 6.Rb1 a5 7.Nf3 e5 8.d3 Nge7 9.Bd2
O-O 10.O-O h6 11.Ne1 Be6 12.Nc2 d5 13.cxd5 Nxd5 14.Nxd5 Bxd5 15.Qe1 Bxg2 16.Kxg2
Kh7 17.a4 f5 18.Bc3 Qd5+ 19.Kg1 f4 20.Qd1 Rad8 21.f3 c4 22.Ne1 cxd3 23.exd3 fxg3
24.hxg3 e4 25.Bxg7 Kxg7 26.fxe4 Qd4+ 27.Kg2 Rxf1 28.Kxf1 Rf8+ 29.Kg2 Rf2+ 30.Kh3
Qd7+ 31.g4 Qd6 32.Ng2 Nd4 0-1

[Event "2. Bundesliga Mitte 2010/11"]
[Site "Sauwald"]
[Date "2010.11.26"]
[Round "3"]
[Board "2"]
[White "Sandhoefner, Florian"]
[Black "Supancic, Darko"]
[Result "1/2-1/2"]
[WhiteElo "2243"]
[BlackElo "2354"]
[PlyCount "92"]
[EventDate "2010.10.16"]
[EventType "team"]
[EventRounds "11"]
[EventCountry "AUT"]
[WhiteTeam "ASK St. Valentin"]
[BlackTeam "Strassenbahn Graz"]

1.e4 d6 2.d4 Nf6 3.Nc3 e5 4.Nge2 Be7 5.g3 h5 6.Bg2 h4 7.O-O hxg3 8.hxg3 Nc6 9.d5
Nb8 10.f3 c6 11.Be3 c5 12.Qd3 Na6 13.Kf2 Nc7 14.Rh1 Rf8 15.Bh3 Bxh3 16.Rxh3 Qd7
17.Rah1 b5 18.a3 a5 19.g4 g6 20.Ng3 c4 21.Qd2 b4 22.axb4 axb4 23.Nd1 Qb5 24.g5
Nd7 25.f4 exf4 26.Bxf4 Ra2 27.Kg2 c3 28.bxc3 b3 29.Ne3 Qc5 30.Rb1 bxc2 31.Rc1
Nb5 32.Rxc2 Rxc2 33.Qxc2 Qxc3 34.Qxc3 Nxc3 35.Nc4 Nc5 36.Nxd6+ Kd7 37.Nc4 N5xe4
38.Nxe4 Nxe4 39.Re3 f5 40.gxf6 Nxf6 41.Ne5+ Kc8 42.Nxg6 Rg8 43.Rxe7 Rxg6+ 44.Kf3
Nxd5 45.Rf7 Rf6 46.Rxf6 Nxf6 1/2-1/2

[Event "2. Bundesliga Mitte 2010/11"]
[Site "Sauwald"]
[Date "2010.11.26"]
[Round "3"]
[Board "3"]
[White "Krebs, Johann"]
[Black "Kranzl, Peter"]
[Result "1/2-1/2"]
[WhiteElo "2234"]
[BlackElo "2256"]
[PlyCount "107"]
[EventDate "2010.10.16"]
[EventType "team"]
[EventRounds "11"]
[EventCountry "AUT"]
[WhiteTeam "Strassenbahn Graz"]
[BlackTeam "ASK St. Valentin"]

1.d4 Nf6 2.Nf3 g6 3.c4 Bg7 4.Nc3 O-O 5.e4 d6 6.Be2 e5 7.O-O exd4 8.Nxd4 Re8 9.f3
Nc6 10.Be3 Nh5 11.Qd2 Nf4 12.Rfd1 Nxd4 13.Bxd4 Qg5 14.Bf1 Bxd4+ 15.Qxd4 Bd7
16.Nd5 Nxd5 17.cxd5 Red8 18.Rac1 c5 19.dxc6 Bxc6 20.Bc4 Qe5 21.Rc2 Qxd4+ 22.Rxd4
Kf8 23.Bd5 Bxd5 24.Rxd5 Rd7 25.Kf2 f6 26.Ke3 Re8 27.g4 Kf7 28.h4 Re5 29.Kd4 h6
30.f4 Re8 31.Rc4 Rde7 32.Kd3 Rd7 33.Ra4 a6 34.Rad4 Red8 35.g5 hxg5 36.hxg5 fxg5
37.Rxg5 Rh8 38.Rgd5 Rh3+ 39.Kc4 Rc7+ 40.Kb4 Rh2 41.Ka3 Rf2 42.f5 gxf5 43.exf5
Kf6 44.Rxd6+ Kxf5 45.Rd7 Rfc2 46.Kb3 R2c6 47.Rxc7 Rxc7 48.Ka4 Ke5 49.Rd8 Rc2
50.Kb3 Rc6 51.Rd7 Rb6+ 52.Ka3 Ke6 53.Rh7 Rb5 54.b4 1/2-1/2

[Event "2. Bundesliga Mitte 2010/11"]
[Site "Sauwald"]
[Date "2010.11.26"]
[Round "3"]
[Board "5"]
[White "Steiner, Stefan"]
[Black "Heimberger, Reinhard"]
[Result "1/2-1/2"]
[WhiteElo "2247"]
[BlackElo "2302"]
[PlyCount "82"]
[EventDate "2010.10.16"]
[EventType "team"]
[EventRounds "11"]
[EventCountry "AUT"]
[WhiteTeam "Strassenbahn Graz"]
[BlackTeam "ASK St. Valentin"]

1.Nf3 c5 2.c4 Nc6 3.g3 g6 4.Bg2 Bg7 5.O-O e5 6.Nc3 Nge7 7.Ne1 O-O 8.Nc2 d6 9.Ne3
Be6 10.Ned5 Qd7 11.Rb1 Bh3 12.d3 Bxg2 13.Kxg2 Nxd5 14.Nxd5 Ne7 15.Nxe7+ Qxe7
16.e4 f5 17.f3 Rf7 18.Bd2 Raf8 19.Qe2 h5 20.h3 Bf6 21.b4 Bg5 22.Bc3 h4 23.g4 Bf4
24.b5 Qg5 25.Be1 Qh6 26.Bf2 Rf6 27.Rbd1 R8f7 28.a4 Bg5 29.Bg1 Bf4 30.Bf2 Rh7
31.Qe1 Qf8 32.Ra1 fxg4 33.fxg4 Bg5 34.Qe2 Rhf7 35.Bg1 Bf4 36.Bf2 Bg5 37.Bg1 Bf4
38.Rf3 Qh6 39.Raf1 Qg5 40.Bf2 Qh6 41.Be1 Bg5 1/2-1/2

[Event "2. Bundesliga Mitte 2010/11"]
[Site "Sauwald"]
[Date "2010.11.26"]
[Round "3"]
[Board "6"]
[White "Dornauer, Joachim"]
[Black "Schink, Barbara"]
[Result "1-0"]
[WhiteElo "2141"]
[BlackElo "2025"]
[PlyCount "61"]
[EventDate "2010.10.16"]
[EventType "team"]
[EventRounds "11"]
[EventCountry "AUT"]
[WhiteTeam "ASK St. Valentin"]
[BlackTeam "Strassenbahn Graz"]

1.d4 d5 2.c4 e6 3.Nf3 Nf6 4.Nc3 c6 5.e3 Nbd7 6.Bd3 dxc4 7.Bxc4 b5 8.Be2 Bb7
9.O-O a6 10.e4 b4 11.e5 bxc3 12.exf6 gxf6 13.bxc3 c5 14.Rb1 Qc7 15.Bf4 Qxf4
16.Rxb7 Qe4 17.Rxd7 Kxd7 18.Ne5+ fxe5 19.Bf3 Qf4 20.g3 Qg5 21.dxe5+ Kc8 22.Qa4
Qxe5 23.Qe8+ Kc7 24.Qxa8 Kd7 25.Qb7+ Qc7 26.Qxa6 Bd6 27.Qa4+ Ke7 28.Qh4+ Ke8
29.Rb1 Qe7 30.Bc6+ Kd8 31.Qa4 1-0

[Event "2. Bundesliga Mitte 2010/11"]
[Site "Sauwald"]
[Date "2010.11.26"]
[Round "3"]
[Board "1"]
[White "Rogulj, Branko"]
[Black "Renner, Christoph"]
[Result "0-1"]
[WhiteElo "2412"]
[BlackElo "2420"]
[PlyCount "168"]
[EventDate "2010.10.16"]
[EventType "team"]
[EventRounds "11"]
[EventCountry "AUT"]
[WhiteTeam "UNION Styria Graz Kleine Zeitung"]
[BlackTeam "SPG Sauwald 1"]

1.e4 e6 2.d4 d5 3.Nc3 Nc6 4.Nf3 Bb4 5.e5 Nge7 6.a3 Bxc3+ 7.bxc3 Na5 8.Bd3 h6
9.O-O Bd7 10.a4 Bc6 11.Nd2 Qd7 12.Nb3 Nc4 13.Nc5 Qc8 14.a5 b6 15.Nb3 Qd7 16.Qg4
Nf5 17.Bxf5 exf5 18.Qxg7 O-O-O 19.axb6 cxb6 20.Qf6 h5 21.Bg5 Kb7 22.Rfb1 Ka8
23.Qe7 Qxe7 24.Bxe7 Rc8 25.Bg5 Rhg8 26.h4 Bd7 27.Nc1 Rc6 28.Nd3 Be6 29.Rb5 Na5
30.Bd2 Nc4 31.Be1 Rcc8 32.Nf4 Rcd8 33.g3 Rh8 34.Kf1 Kb7 35.Ke2 a6 36.Rbb1 a5
37.Bd2 Rc8 38.Bc1 Kc6 39.Nd3 Rce8 40.Bg5 Bc8 41.Kf3 Rhg8 42.Rd1 Be6 43.Nf4 Rh8
44.Bf6 Rh6 45.Kg2 Bd7 46.Bg5 Rhh8 47.Re1 Be6 48.f3 Ra8 49.Kf2 Kd7 50.Ke2 Kc6
51.Rg1 Bd7 52.Nd3 Rae8 53.Kd1 Rhg8 54.Kc1 Bc8 55.Kb1 Rh8 56.Ka2 Bd7 57.Raf1 Rh7
58.Nf2 Be6 59.g4 hxg4 60.fxg4 fxg4 61.Nxg4 Reh8 62.Rf6 Kb5 63.Nh6 Rc8 64.Rgf1
Rc7 65.R6f3 Ka6 66.Ng8 b5 67.Nf6 Rh8 68.h5 b4 69.Rb1 Na3 70.Rb2 bxc3 71.Rb3 Nb5
72.h6 Rc4 73.Rxb5 Kxb5 74.h7 Ra4+ 75.Kb3 Rxd4 76.Kxc3 Rd1 77.Kb2 Rh1 78.Bd2 d4
79.Rg3 Kc4 80.Rb3 Kc5 81.Ne4+ Kc6 82.Nf6 Bxb3 83.cxb3 Kb5 84.Kc2 R8xh7 0-1

[Event "2. Bundesliga Mitte 2010/11"]
[Site "Sauwald"]
[Date "2010.11.26"]
[Round "3"]
[Board "2"]
[White "Testor, Sebastian"]
[Black "Danner, Georg"]
[Result "1/2-1/2"]
[WhiteElo "2365"]
[BlackElo "2422"]
[PlyCount "114"]
[EventDate "2010.10.16"]
[EventType "team"]
[EventRounds "11"]
[EventCountry "AUT"]
[WhiteTeam "SPG Sauwald 1"]
[BlackTeam "UNION Styria Graz Kleine Zeitung"]

1.d4 Nf6 2.c4 e6 3.Nf3 Nc6 4.Nc3 Bb4 5.Qc2 d6 6.Bd2 O-O 7.a3 Bxc3 8.Bxc3 Qe7
9.e3 e5 10.d5 e4 11.Nd2 Ne5 12.Nxe4 Nxe4 13.Qxe4 f5 14.Qd4 f4 15.O-O-O f3 16.Rg1
Rf7 17.Rd2 Bd7 18.h3 b6 19.g4 Re8 20.Qe4 Qh4 21.Bxe5 Rxe5 22.Qd4 Qe7 23.Bd3 a6
24.Rg3 b5 25.Rc2 bxc4 26.Bxc4 Ba4 27.Rc3 Bb5 28.Bxb5 axb5 29.Qd1 Qf8 30.Qd3 b4
31.axb4 Qa8 32.Ra3 Qb7 33.Qc4 h6 34.e4 Rf4 35.Re3 Qa7 36.Rgxf3 Rexe4 37.Rxf4
Rxc4+ 38.Rxc4 Kf7 39.h4 Qb7 40.Rf4+ Kg6 41.Re6+ Kh7 42.Rd4 Qb5 43.Kd2 Qf1 44.Re2
h5 45.gxh5 Kh6 46.Rg4 Qb1 47.Re6+ Kxh5 48.Reg6 Qxb2+ 49.Ke3 Qe5+ 50.Kf3 Qxd5+
51.Ke2 Qa2+ 52.Kf3 Qf7+ 53.Ke4 Qe8+ 54.Kd5 Qb5+ 55.Ke6 Qe8+ 56.Kd5 Qb5+ 57.Ke6
Qe8+ 1/2-1/2

[Event "2. Bundesliga Mitte 2010/11"]
[Site "Sauwald"]
[Date "2010.11.26"]
[Round "3"]
[Board "3"]
[White "Stagl, Marco"]
[Black "Taggatz, Mario"]
[Result "0-1"]
[WhiteElo "2112"]
[BlackElo "2331"]
[PlyCount "106"]
[EventDate "2010.10.16"]
[EventType "team"]
[EventRounds "11"]
[EventCountry "AUT"]
[WhiteTeam "UNION Styria Graz Kleine Zeitung"]
[BlackTeam "SPG Sauwald 1"]

1.d4 Nf6 2.c4 Nc6 3.Nc3 e5 4.d5 Ne7 5.Nf3 Ng6 6.g3 Bc5 7.Bg2 d6 8.e4 a6 9.Qc2
O-O 10.O-O b5 11.a3 Bd7 12.b4 Ba7 13.cxb5 axb5 14.Qd3 Qb8 15.Nd2 Bb6 16.Nb3 h6
17.Be3 Bxe3 18.Qxe3 Ne7 19.Rfc1 Ng4 20.Qe2 f5 21.exf5 Bxf5 22.h3 Nf6 23.Nxb5
Nfxd5 24.Qc4 c6 25.Nc7 Qxc7 26.Bxd5+ Nxd5 27.Qxd5+ cxd5 28.Rxc7 d4 29.Na5 Rf7
30.Rac1 Rxc7 31.Rxc7 d3 32.Kf1 Bxh3+ 33.Ke1 Bf5 34.Rc6 d5 35.Rd6 Be4 36.Rc6 h5
37.Kd2 g5 38.f3 Bxf3 39.Kxd3 Kg7 40.Re6 e4+ 41.Kd4 h4 42.gxh4 gxh4 43.Re7+ Kg6
44.Nc6 Rxa3 45.Ne5+ Kg5 46.Kxd5 h3 47.Rh7 Bg2 48.Kd4 e3 49.Nc4 e2 50.Re7 Ra2
51.Re5+ Kg6 52.Re3 h2 53.Ne5+ Kh7 0-1

[Event "2. Bundesliga Mitte 2010/11"]
[Site "Sauwald"]
[Date "2010.11.26"]
[Round "3"]
[Board "4"]
[White "Hiermann, Dietmar"]
[Black "Manhardt, Thomas"]
[Result "1/2-1/2"]
[WhiteElo "2287"]
[BlackElo "2121"]
[PlyCount "109"]
[EventDate "2010.10.16"]
[EventType "team"]
[EventRounds "11"]
[EventCountry "AUT"]
[WhiteTeam "SPG Sauwald 1"]
[BlackTeam "UNION Styria Graz Kleine Zeitung"]

1.e4 c5 2.Nc3 Nc6 3.f4 g6 4.Nf3 Bg7 5.Bb5 e6 6.Bxc6 bxc6 7.e5 d5 8.d3 Ne7 9.Ne2
O-O 10.O-O Rb8 11.c4 Qc7 12.b3 a5 13.Nc3 f6 14.Qe2 Nf5 15.Ba3 g5 16.Bxc5 g4
17.Nd2 fxe5 18.Bxf8 Kxf8 19.Qxg4 e4 20.Rac1 Ne3 21.Qg3 Nxf1 22.Nxf1 exd3 23.Qxd3
Qxf4 24.Ne2 Qh6 25.Ne3 Kg8 26.Rf1 Bd7 27.Ng4 Qg6 28.Qxg6 hxg6 29.Nf6+ Bxf6
30.Rxf6 Kg7 31.Rf1 e5 32.Nc3 Be6 33.cxd5 cxd5 34.Rd1 d4 35.Ne4 Rc8 36.Rd2 Rc6
37.Kf2 Bf5 38.Ng5 Rc2 39.Rxc2 Bxc2 40.h4 Kf6 41.g4 e4 42.Ke1 e3 43.Nf3 d3 44.h5
gxh5 45.gxh5 Bb1 46.a3 Ba2 47.b4 axb4 48.axb4 Bd5 49.Nd2 Kg5 50.h6 Kxh6 51.Nf1
e2 52.Ng3 Bc4 53.Ne4 Bd5 54.Ng3 Bf3 55.b5 1/2-1/2

[Event "2. Bundesliga Mitte 2010/11"]
[Site "Sauwald"]
[Date "2010.11.26"]
[Round "3"]
[Board "5"]
[White "Schriebl, Alexander"]
[Black "Kirschner, Alexander"]
[Result "0-1"]
[WhiteElo "2072"]
[BlackElo "2260"]
[PlyCount "114"]
[EventDate "2010.10.16"]
[EventType "team"]
[EventRounds "11"]
[EventCountry "AUT"]
[WhiteTeam "UNION Styria Graz Kleine Zeitung"]
[BlackTeam "SPG Sauwald 1"]

1.d4 e6 2.c4 Nf6 3.g3 c5 4.Nf3 cxd4 5.Nxd4 Qc7 6.Qb3 a6 7.Bg2 Nc6 8.Nxc6 bxc6
9.O-O Be7 10.Nc3 O-O 11.Bf4 e5 12.Bg5 d6 13.Qc2 h6 14.Bd2 Be6 15.b3 Nh7 16.e4 f5
17.Bh3 Qd7 18.Nd5 Bd8 19.exf5 Bxf5 20.Bxf5 Rxf5 21.Ne3 Rf7 22.h4 Bb6 23.Kg2 Raf8
24.Rad1 Bd4 25.Bc1 Qb7 26.Qe2 c5+ 27.f3 Nf6 28.Nf5 Qd7 29.Nxd4 cxd4 30.Qd3 Qc6
31.Rde1 Qc7 32.Bd2 Nd7 33.Qe4 Nf6 34.Qd3 Qc8 35.Bc1 Qc6 36.Bd2 Kh8 37.Qg6 Ng8
38.Qe4 Qc5 39.Qd3 Qc8 40.Bb4 Qc6 41.Qe4 Qb6 42.Bd2 Nf6 43.Qg6 Nd7 44.Qe6 Qc6
45.Qg4 Nc5 46.Bc1 Rf5 47.h5 R8f6 48.Ba3 Rg5 49.Qh4 Nd3 50.Re4 Nf4+ 51.Kg1 Rxh5
52.Qg4 Rg5 53.Qh4 d3 54.Bc1 Ne2+ 55.Kg2 Rxg3+ 56.Kf2 Rgxf3+ 57.Kg2 Rxf1 0-1

[Event "2. Bundesliga Mitte 2010/11"]
[Site "Sauwald"]
[Date "2010.11.26"]
[Round "3"]
[Board "6"]
[White "Lautner, Josef"]
[Black "Penz, Florian"]
[Result "1-0"]
[WhiteElo "2210"]
[BlackElo "1599"]
[PlyCount "57"]
[EventDate "2010.10.16"]
[EventType "team"]
[EventRounds "11"]
[EventCountry "AUT"]
[WhiteTeam "SPG Sauwald 1"]
[BlackTeam "UNION Styria Graz Kleine Zeitung"]

1.d4 d5 2.Nf3 Nf6 3.c4 c6 4.cxd5 cxd5 5.Nc3 Nc6 6.Bf4 Nh5 7.Be5 f6 8.Bg3 Nxg3
9.hxg3 g6 10.e3 e6 11.Bd3 Kf7 12.Bxg6+ Kxg6 13.Nh4+ Kf7 14.Qh5+ Kg8 15.O-O-O Bg7
16.e4 dxe4 17.d5 Nb4 18.dxe6 Nd3+ 19.Rxd3 Bh6+ 20.Qxh6 exd3 21.Nf5 Qf8 22.Qe3
Qe8 23.Re1 Qxe6 24.Qxe6+ Bxe6 25.Rxe6 Kf7 26.Re7+ Kg6 27.g4 Rhg8 28.Rxb7 Kg5
29.Rxh7 1-0

[Event "2. Bundesliga Mitte 2010/11"]
[Site "Sauwald"]
[Date "2010.11.27"]
[Round "4"]
[Board "1"]
[White "Horvath, Tamas"]
[Black "Kozul, Zdenko"]
[Result "1/2-1/2"]
[WhiteElo "2414"]
[BlackElo "2604"]
[PlyCount "94"]
[EventDate "2010.10.16"]
[EventType "team"]
[EventRounds "11"]
[EventCountry "AUT"]
[WhiteTeam "RbEJ Gleisdorf"]
[BlackTeam "ZH-Technologies-Wolfsberg"]

1.e4 c5 2.Nf3 Nc6 3.Nc3 d6 4.d4 cxd4 5.Nxd4 Nf6 6.h3 e6 7.g4 h6 8.Be3 a6 9.f4
Qc7 10.Qe2 Be7 11.O-O-O O-O 12.Qf2 Nxd4 13.Bxd4 b5 14.e5 dxe5 15.Bxe5 Bc5 16.Qh4
Qe7 17.Bg2 Ra7 18.Rhf1 Rd7 19.Bxf6 Rxd1+ 20.Nxd1 Qxf6 21.Qxf6 gxf6 22.Kd2 Rd8+
23.Ke2 b4 24.Be4 a5 25.Bd3 Bb7 26.Ne3 Bd4 27.Rd1 Kf8 28.Bb5 Ke7 29.b3 Bb6
30.Rxd8 Bxd8 31.Nc4 Be4 32.Nd2 Bb7 33.Bd3 Bc7 34.Ke3 Bb6+ 35.Ke2 Bg2 36.Nc4 Bc7
37.Kf2 Bc6 38.Ke3 Bd7 39.Be4 h5 40.Kf3 hxg4+ 41.hxg4 Bb5 42.Bd3 Bd7 43.Be4 Kf8
44.Bd3 Kg7 45.Be4 Kh6 46.Ne3 Kg7 47.Nc4 Bb5 1/2-1/2

[Event "2. Bundesliga Mitte 2010/11"]
[Site "Sauwald"]
[Date "2010.11.27"]
[Round "4"]
[Board "2"]
[White "Stevic, Hrvoje"]
[Black "Abel, Dennes"]
[Result "1-0"]
[WhiteElo "2607"]
[BlackElo "2394"]
[PlyCount "55"]
[EventDate "2010.10.16"]
[EventType "team"]
[EventRounds "11"]
[EventCountry "AUT"]
[WhiteTeam "ZH-Technologies-Wolfsberg"]
[BlackTeam "RbEJ Gleisdorf"]

1.e4 c5 2.d3 Nc6 3.f4 g6 4.Nf3 Bg7 5.Be2 d6 6.O-O Nf6 7.Qe1 c4 8.Kh1 O-O 9.Nc3
cxd3 10.cxd3 Bg4 11.Qh4 Bxf3 12.Rxf3 Nd4 13.Rh3 Nxe2 14.Nxe2 h5 15.Bd2 Ng4
16.Bc3 Bxc3 17.bxc3 e6 18.Qe1 Rc8 19.Rf3 Qa5 20.h3 Nf6 21.Qh4 Kg7 22.f5 exf5
23.Raf1 Qe5 24.Rxf5 gxf5 25.Rxf5 Qxf5 26.exf5 Nd7 27.Nf4 Kh8 28.Nxh5 1-0

[Event "2. Bundesliga Mitte 2010/11"]
[Site "Sauwald"]
[Date "2010.11.27"]
[Round "4"]
[Board "3"]
[White "Degtiarev, Evgeny"]
[Black "Jovanovic, Zoran"]
[Result "0-1"]
[WhiteElo "2368"]
[BlackElo "2520"]
[PlyCount "128"]
[EventDate "2010.10.16"]
[EventType "team"]
[EventRounds "11"]
[EventCountry "AUT"]
[WhiteTeam "RbEJ Gleisdorf"]
[BlackTeam "ZH-Technologies-Wolfsberg"]

1.d4 d6 2.Nf3 Nf6 3.c4 g6 4.Nc3 Bg7 5.e4 O-O 6.Be2 e5 7.Be3 c6 8.d5 Ng4 9.Bg5 f6
10.Bh4 c5 11.h3 Nh6 12.g4 Nf7 13.Nd2 Bh6 14.Bd3 Na6 15.a3 Bd7 16.Rb1 Kg7 17.Qe2
Rh8 18.Bg3 Bf4 19.Rg1 Qc8 20.Bxf4 exf4 21.Nf3 Qe8 22.Kd2 Ne5 23.Nxe5 Qxe5 24.h4
h6 25.h5 g5 26.f3 Rhc8 27.Rgc1 Qd4 28.Nd1 Rab8 29.Qf2 Qe5 30.b4 b6 31.Ke1 f5
32.gxf5 Bxf5 33.b5 Nc7 34.Qb2 Qxb2 35.Rxb2 Bd7 36.Re2 Re8 37.Nf2 Re7 38.Kd2 Ne8
39.Rh1 Nf6 40.Nd1 Be8 41.Reh2 a6 42.Nb2 Nd7 43.a4 Ne5 44.Be2 Ra8 45.Rf1 Rea7
46.Kc3 axb5 47.cxb5 Rxa4 48.Nxa4 Rxa4 49.Rb1 Kf6 50.Rhh1 g4 51.fxg4 Rxe4 52.g5+
Kxg5 53.Rhg1+ Kf6 54.Rbe1 Bf7 55.Bd1 Rc4+ 56.Kd2 Rd4+ 57.Kc3 Bxd5 58.Bc2 Bf7
59.Ra1 Rc4+ 60.Kb2 Rb4+ 61.Kc3 d5 62.Rgf1 f3 63.Bd1 d4+ 64.Kd2 Rb2+ 0-1

[Event "2. Bundesliga Mitte 2010/11"]
[Site "Sauwald"]
[Date "2010.11.27"]
[Round "4"]
[Board "4"]
[White "Wegerer, Fred"]
[Black "Leitner, Gerald"]
[Result "0-1"]
[WhiteElo "2218"]
[BlackElo "2215"]
[PlyCount "154"]
[EventDate "2010.10.16"]
[EventType "team"]
[EventRounds "11"]
[EventCountry "AUT"]
[WhiteTeam "ZH-Technologies-Wolfsberg"]
[BlackTeam "RbEJ Gleisdorf"]

1.c4 e5 2.e3 Nf6 3.Qc2 Nc6 4.a3 a5 5.Nc3 Be7 6.Nf3 O-O 7.Nd5 d6 8.Ng5 g6 9.Nxe7+
Qxe7 10.d3 a4 11.Bd2 Bd7 12.Be2 Na5 13.Rd1 Nb3 14.Bc3 Bc6 15.O-O Nd7 16.Nh3 Ndc5
17.f3 Bd7 18.Nf2 Qg5 19.f4 Qe7 20.fxe5 dxe5 21.Bf3 Rfe8 22.Rde1 c6 23.d4 e4
24.Be2 Na6 25.Rd1 Rad8 26.c5 Nc7 27.Bc4 Be6 28.Qe2 f5 29.Nh3 Nd5 30.Nf4 Nxf4
31.Rxf4 Bd5 32.Bxd5+ cxd5 33.Qb5 Qd7 34.Qf1 Rf8 35.h4 Rf7 36.Bb4 Rc8 37.Qe2 Rc7
38.Rdf1 h5 39.Be1 Qc6 40.Bg3 b6 41.R4f2 Rc8 42.cxb6 Qxb6 43.Be5 Nc1 44.Qd1 Nd3
45.Rc2 Rxc2 46.Qxc2 Nxe5 47.dxe5 Qxe3+ 48.Kh1 Qg3 49.e6 Re7 50.Qxa4 Rxe6 51.Qa8+
Kg7 52.Qb7+ Kf6 53.Qxd5 e3 54.Qd8+ Re7 55.Qf8+ Rf7 56.Qh8+ Ke7 57.Rd1 Qxh4+
58.Kg1 Qf2+ 59.Kh1 Qh4+ 60.Kg1 Ke6 61.Qe8+ Kf6 62.Qh8+ Kg5 63.Qd8+ Kg4 64.Rd4+
f4 65.Qc8+ Rf5 66.Qe6 Qf2+ 67.Kh1 Qh4+ 68.Kg1 Qf2+ 69.Kh1 g5 70.Kh2 Qg3+ 71.Kg1
Qe1+ 72.Kh2 h4 73.Rd5 Qb1 74.Qd7 Qc2 75.Rxf5 Qxf5 76.Qd1+ f3 77.Qd4+ Qf4+ 0-1

[Event "2. Bundesliga Mitte 2010/11"]
[Site "Sauwald"]
[Date "2010.11.27"]
[Round "4"]
[Board "5"]
[White "Sandner, Wolfgang"]
[Black "Waldmann, Gerald"]
[Result "1/2-1/2"]
[WhiteElo "2234"]
[BlackElo "2212"]
[PlyCount "51"]
[EventDate "2010.10.16"]
[EventType "team"]
[EventRounds "11"]
[EventCountry "AUT"]
[WhiteTeam "RbEJ Gleisdorf"]
[BlackTeam "ZH-Technologies-Wolfsberg"]

1.e4 d5 2.exd5 Qxd5 3.Nc3 Qd6 4.Nf3 Nf6 5.Be2 a6 6.d3 b5 7.Ng5 Bb7 8.Bf3 Bxf3
9.Qxf3 c6 10.O-O Nbd7 11.Nce4 Qc7 12.d4 h6 13.Bf4 Qb6 14.Nd6+ exd6 15.Rfe1+ Be7
16.Bxd6 O-O 17.Bxe7 hxg5 18.Bxf8 Nxf8 19.c3 Ne6 20.Qf5 Rd8 21.Re5 Rd5 22.Rae1
Qd8 23.Qc2 Qb6 24.Qf5 Qd8 25.Qc2 Qb6 26.Qf5 1/2-1/2

[Event "2. Bundesliga Mitte 2010/11"]
[Site "Sauwald"]
[Date "2010.11.27"]
[Round "4"]
[Board "6"]
[White "Toefferl, Heimo"]
[Black "Knoll, Martin"]
[Result "1-0"]
[WhiteElo "2126"]
[BlackElo "2025"]
[PlyCount "65"]
[EventDate "2010.10.16"]
[EventType "team"]
[EventRounds "11"]
[EventCountry "AUT"]
[WhiteTeam "ZH-Technologies-Wolfsberg"]
[BlackTeam "RbEJ Gleisdorf"]

1.d4 d5 2.c4 c6 3.Nc3 Nf6 4.Nf3 g6 5.Bf4 Bg7 6.e3 O-O 7.Rc1 Qa5 8.Qd2 dxc4
9.Bxc4 b5 10.Bb3 Bb7 11.O-O Nbd7 12.Nd5 Qd8 13.Nxf6+ Nxf6 14.Rfd1 Rc8 15.Be5 Qb6
16.Qe2 a5 17.e4 a4 18.Bc2 Bh6 19.Rb1 Ng4 20.Bg3 Ba6 21.e5 Bg7 22.Bd3 c5 23.d5 c4
24.Be4 b4 25.Qd2 f5 26.exf6 Nxf6 27.Re1 Nxe4 28.Rxe4 c3 29.bxc3 Bxc3 30.Qd1 Bc4
31.d6 exd6 32.Rxc4 Rce8 33.Rxc3 1-0

[Event "2. Bundesliga Mitte 2010/11"]
[Site "Sauwald"]
[Date "2010.11.27"]
[Round "4"]
[Board "1"]
[White "Freitag, Manfred"]
[Black "Lenic, Luka"]
[Result "1/2-1/2"]
[WhiteElo "2382"]
[BlackElo "2603"]
[PlyCount "75"]
[EventDate "2010.10.16"]
[EventType "team"]
[EventRounds "11"]
[EventCountry "AUT"]
[WhiteTeam "ESV Austria Graz"]
[BlackTeam "SV Raika Rapid Feffernitz"]

1.e4 c5 2.Nf3 e6 3.d4 cxd4 4.Nxd4 a6 5.Nc3 Qc7 6.g3 Bb4 7.Nde2 Nf6 8.Bg2 d6
9.O-O Bc5 10.Bf4 e5 11.Bg5 Nbd7 12.Qd2 h6 13.Be3 Nb6 14.b3 Be6 15.Bxc5 Qxc5
16.a4 Rc8 17.a5 Nbd7 18.h3 h5 19.Rfc1 O-O 20.Na4 Qc6 21.Nec3 b5 22.axb6 Nxb6
23.Qe3 Nxa4 24.Nxa4 h4 25.g4 d5 26.Nb6 Rcd8 27.exd5 Nxd5 28.Nxd5 Bxd5 29.Bxd5
Rxd5 30.c4 Rd4 31.Qxe5 Rd3 32.Rc3 Rfd8 33.Re1 Qf3 34.Rxd3 Rxd3 35.Qe8+ Kh7
36.Re3 Rd1+ 37.Re1 Rd3 38.Re3 1/2-1/2

[Event "2. Bundesliga Mitte 2010/11"]
[Site "Sauwald"]
[Date "2010.11.27"]
[Round "4"]
[Board "2"]
[White "Sebenik, Matej"]
[Black "Karner, Christoph"]
[Result "1/2-1/2"]
[WhiteElo "2516"]
[BlackElo "2322"]
[PlyCount "59"]
[EventDate "2010.10.16"]
[EventType "team"]
[EventRounds "11"]
[EventCountry "AUT"]
[WhiteTeam "SV Raika Rapid Feffernitz"]
[BlackTeam "ESV Austria Graz"]

1.d4 Nf6 2.c4 g6 3.g3 Bg7 4.Bg2 d6 5.Nf3 O-O 6.Nc3 Nbd7 7.O-O e5 8.e4 exd4
9.Nxd4 Re8 10.h3 Nc5 11.Re1 h6 12.Rb1 a5 13.Ndb5 Bd7 14.Bf4 Ne6 15.Be3 Ng5
16.Bxg5 hxg5 17.e5 Rxe5 18.Rxe5 dxe5 19.Bxb7 Rb8 20.Bg2 g4 21.h4 Qe7 22.b3 Bf5
23.Rb2 e4 24.Nd4 Qe5 25.Nc6 Qxc3 26.Rc2 Qd3 27.Rd2 Qc3 28.Rc2 Qd3 29.Rd2 Qc3
30.Rc2 1/2-1/2

[Event "2. Bundesliga Mitte 2010/11"]
[Site "Sauwald"]
[Date "2010.11.27"]
[Round "4"]
[Board "3"]
[White "Kotz, Heinz Peter"]
[Black "Diermair, Andreas"]
[Result "1/2-1/2"]
[WhiteElo "2330"]
[BlackElo "2354"]
[PlyCount "68"]
[EventDate "2010.10.16"]
[EventType "team"]
[EventRounds "11"]
[EventCountry "AUT"]
[WhiteTeam "ESV Austria Graz"]
[BlackTeam "SV Raika Rapid Feffernitz"]

1.e4 c6 2.d4 d5 3.e5 Bf5 4.Nf3 e6 5.a3 Nd7 6.Nbd2 h6 7.Be2 Ne7 8.O-O Bh7 9.Re1
Ng6 10.Nf1 Be7 11.Ng3 O-O 12.Bd3 Re8 13.Nh5 c5 14.c3 a6 15.g3 Rc8 16.h4 cxd4
17.cxd4 Qb6 18.Rb1 Kh8 19.Be3 Qa5 20.Nh2 Qd8 21.Ng4 f5 22.exf6 Nxf6 23.Ngxf6
Bxf6 24.Rc1 Rxc1 25.Qxc1 Rf8 26.Qc2 Qe8 27.Nf4 Nxf4 28.Bxh7 g6 29.Bxf4 Kxh7
30.h5 Bxd4 31.hxg6+ Qxg6 32.Qxg6+ Kxg6 33.Rxe6+ Rf6 34.Re2 Rb6 1/2-1/2

[Event "2. Bundesliga Mitte 2010/11"]
[Site "Sauwald"]
[Date "2010.11.27"]
[Round "4"]
[Board "4"]
[White "Novak, Pavel"]
[Black "Fahrner, Kurt"]
[Result "1-0"]
[WhiteElo "2381"]
[BlackElo "2314"]
[PlyCount "107"]
[EventDate "2010.10.16"]
[EventType "team"]
[EventRounds "11"]
[EventCountry "AUT"]
[WhiteTeam "SV Raika Rapid Feffernitz"]
[BlackTeam "ESV Austria Graz"]

1.e4 g6 2.d4 Bg7 3.Nc3 d6 4.Be3 a6 5.f4 b5 6.Bd3 Nd7 7.Nf3 Bb7 8.h3 Rc8 9.a4 b4
10.Ne2 Ngf6 11.Ng3 c5 12.c3 d5 13.e5 Ne4 14.Bxe4 dxe4 15.Ng5 Qa5 16.O-O Bd5
17.dxc5 Rxc5 18.cxb4 Qxb4 19.Bxc5 Qxc5+ 20.Kh2 Nb6 21.b4 Qc6 22.Rc1 Nc4 23.Qd4
O-O 24.Rfd1 e6 25.N5xe4 Qxa4 26.Nc3 Qxb4 27.Nxd5 exd5 28.Qxd5 Ne3 29.Qd4 Qxd4
30.Rxd4 Rb8 31.Rd3 Nf5 32.Nxf5 gxf5 33.Rc6 a5 34.Rd7 h5 35.Kg3 Rb3+ 36.Kh4 a4
37.Rc8+ Kh7 38.Rxf7 Kg6 39.Ra7 Rb4 40.Rc6+ Kh7 41.Rcc7 Kh6 42.Rxg7 Rxf4+ 43.Kg3
h4+ 44.Kh2 Re4 45.Rh7+ Kg5 46.Rag7+ Kf4 47.Rxh4+ Kxe5 48.Rxe4+ fxe4 49.Ra7 e3
50.Rxa4 e2 51.Ra1 Kf4 52.Re1 Ke3 53.Kg1 Kd2 54.Kf2 1-0